[Event "SRB-ch U16"]
[Site "Kragujevac"]
[Date "2019.05.05"]
[Round "9"]
[White "Paser, Mihailo"]
[Black "Radisavljevic, Dalibor"]
[Result "0-1"]
[WhiteElo "1581"]
[BlackElo "2089"]
[PlyCount "40"]
[EventDate "2019.04.29"]
[EventType "swiss"]
[EventRounds "9"]
[EventCountry "SRB"]
[SourceTitle "EXT 2022"]
[Source "ChessBase"]
[SourceDate "2021.10.06"]
[SourceVersion "1"]
[SourceVersionDate "2021.10.06"]
[SourceQuality "1"]

1. d4 c5 2. d5 Nf6 3. Nf3 g6 4. Nc3 d6 5. e3 Bg7 6. Be2 0-0 7. 0-0 a6 8. a4 e6 9. dxe6 Bxe6 10. Ng5 d5 11. Nxe6 fxe6 12. Bf3 Nc6 13. Qe2 Ne5 14. Bd2 Qe7 15. Rfd1 Rad8 16. Ra3 Nxf3+ 17. Qxf3 Ne4 18. Qe2 Rxf2 19. Qe1 Bxc3 20. Bxc3 Qg5 0-1